Growth factors in perinatal development / (Record no. 160725)

MARC details
000 -LEADER
fixed length control field 01010pam a2200289 a 4500
008 - FIXED-LENGTH DATA ELEMENTS--GENERAL INFORMATION
fixed length control field
020 ## - INTERNATIONAL STANDARD BOOK NUMBER
International Standard Book Number 0781701031 (hbk.)
049 ## - LOCAL HOLDINGS (OCLC)
Holding library MAIN
090 ## - LOCALLY ASSIGNED LC-TYPE CALL NUMBER (OCLC); LOCAL CALL NUMBER (RLIN)
Classification number (OCLC) (R) ; Classification number, CALL (RLIN) (NR) QP552
Local cutter number (OCLC) ; Book number/undivided call number, CALL (RLIN) GRO
003 - CONTROL NUMBER IDENTIFIER
control field
005 - DATE AND TIME OF LATEST TRANSACTION
control field 20230123134134.0
040 ## - CATALOGING SOURCE
Transcribing agency NUST
245 00 - TITLE STATEMENT
Title Growth factors in perinatal development /
Statement of responsibility, etc. edited by Reginald C. Tsang, James Lemmons, William F. Balistreri.
260 ## - PUBLICATION, DISTRIBUTION, ETC.
Place of publication, distribution, etc. New York :
Name of publisher, distributor, etc. Raven Press,
Date of publication, distribution, etc. c1993.
300 ## - PHYSICAL DESCRIPTION
Extent xviii, 125 p. :
Other physical details ill. ;
Dimensions 24 cm.
440 ## - SERIES STATEMENT/ADDED ENTRY--TITLE
Title Bristol-Myers Squibb/Mead Johnson nutrition symposia ;
Volume/sequential designation vol. 12.
500 ## - GENERAL NOTE
General note lncludes index.
504 ## - BIBLIOGRAPHY, ETC. NOTE
Bibliography, etc. note Includes bibliographical references.
650 #2 - SUBJECT ADDED ENTRY--TOPICAL TERM
Topical term or geographic name entry element Embryonic and Fetal Development
General subdivision congresses.
650 #2 - SUBJECT ADDED ENTRY--TOPICAL TERM
Topical term or geographic name entry element Growth Substances
General subdivision congresses.
650 #2 - SUBJECT ADDED ENTRY--TOPICAL TERM
Topical term or geographic name entry element Infant, Newborn
General subdivision growth & development
-- congresses.
700 1# - ADDED ENTRY--PERSONAL NAME
Personal name Tsang, Reginald C.
700 1# - ADDED ENTRY--PERSONAL NAME
Personal name Lemmons, James.
700 1# - ADDED ENTRY--PERSONAL NAME
Personal name Balistreri, William F.
907 ## - LOCAL DATA ELEMENT G, LDG (RLIN)
a .b10163980
b 23-07-12
c 26-05-05
942 ## - ADDED ENTRY ELEMENTS (KOHA)
Koha item type Ordinary Loan Books
Call number prefix QP552
Call number suffix GRO
Holdings
Date last seen Total Checkouts Full call number Barcode Cost, replacement price Price effective from Koha item type Lost status Source of classification or shelving scheme Damaged status Not for loan Collection Withdrawn status Home library Current library Shelving location Date acquired Cost, normal purchase price
01/23/2023   QP552 GRO 92003003020 80.00 01/23/2023 BOOKS   LCC     NFIC   MAIN MAIN GEN 01/23/2023 80.00